000 00303nam a22001337a 4500
020 _a978-81-8477-698-0
082 _a001
_bJOH/C
100 _aJOHAR, PRACHI JOSHI
245 _aCRACK IT!
260 _aGURGAON
_bSCHOLASTIC INDIA
_c2011
300 _a66
650 _aGENERAL KNOWLEDGE
_zINDIA
942 _cBK
999 _c6538
_d6538